<?xml version="1.0" encoding="UTF-8"?><marc:collection xmlns:marc="http://www.loc.gov/MARC21/slim">
  <marc:record>
    <marc:leader>04271nas a2200829 c 4500</marc:leader>
    <marc:controlfield tag="001">01002655X</marc:controlfield>
    <marc:controlfield tag="003">DE-101</marc:controlfield>
    <marc:controlfield tag="005">20250203214956.0</marc:controlfield>
    <marc:controlfield tag="007">tu</marc:controlfield>
    <marc:controlfield tag="008">991118d19361958xx u||p|  b|| 0||||1rus c</marc:controlfield>
    <marc:datafield tag="016" ind1="7" ind2=" ">
      <marc:subfield code="2">DE-600</marc:subfield>
      <marc:subfield code="a">1976-8</marc:subfield>
    </marc:datafield>
    <marc:datafield tag="016" ind1="7" ind2=" ">
      <marc:subfield code="2">DE-101</marc:subfield>
      <marc:subfield code="a">01002655X</marc:subfield>
    </marc:datafield>
    <marc:datafield tag="022" ind1=" " ind2=" ">
      <marc:subfield code="a">0201-6354</marc:subfield>
    </marc:datafield>
    <marc:datafield tag="035" ind1=" " ind2=" ">
      <marc:subfield code="a">(DE-599)ZDB1976-8</marc:subfield>
    </marc:datafield>
    <marc:datafield tag="035" ind1=" " ind2=" ">
      <marc:subfield code="a">(OCoLC)1367284157</marc:subfield>
    </marc:datafield>
    <marc:datafield tag="040" ind1=" " ind2=" ">
      <marc:subfield code="a">9001</marc:subfield>
      <marc:subfield code="b">ger</marc:subfield>
      <marc:subfield code="c">DE-101</marc:subfield>
      <marc:subfield code="d">9001</marc:subfield>
    </marc:datafield>
    <marc:datafield tag="041" ind1=" " ind2=" ">
      <marc:subfield code="a">rus</marc:subfield>
    </marc:datafield>
    <marc:datafield tag="042" ind1=" " ind2=" ">
      <marc:subfield code="a">zdb</marc:subfield>
    </marc:datafield>
    <marc:datafield tag="044" ind1=" " ind2=" ">
      <marc:subfield code="c">XA-SUHH</marc:subfield>
    </marc:datafield>
    <marc:datafield tag="082" ind1="7" ind2="4">
      <marc:subfield code="a">010</marc:subfield>
      <marc:subfield code="q">DE-600</marc:subfield>
      <marc:subfield code="2">22sdnb</marc:subfield>
    </marc:datafield>
    <marc:datafield tag="083" ind1="7" ind2=" ">
      <marc:subfield code="8">3\u</marc:subfield>
      <marc:subfield code="a">020</marc:subfield>
      <marc:subfield code="2">22/BSB</marc:subfield>
    </marc:datafield>
    <marc:datafield tag="083" ind1="7" ind2=" ">
      <marc:subfield code="8">4\u</marc:subfield>
      <marc:subfield code="a">020</marc:subfield>
      <marc:subfield code="2">22/BSB</marc:subfield>
    </marc:datafield>
    <marc:datafield tag="083" ind1="7" ind2=" ">
      <marc:subfield code="8">5\u</marc:subfield>
      <marc:subfield code="a">020</marc:subfield>
      <marc:subfield code="2">22/BSB</marc:subfield>
    </marc:datafield>
    <marc:datafield tag="084" ind1=" " ind2=" ">
      <marc:subfield code="a">03</marc:subfield>
      <marc:subfield code="a">02</marc:subfield>
      <marc:subfield code="a">78</marc:subfield>
      <marc:subfield code="a">010</marc:subfield>
      <marc:subfield code="a">030</marc:subfield>
      <marc:subfield code="q">DE-101</marc:subfield>
      <marc:subfield code="2">sdnb</marc:subfield>
    </marc:datafield>
    <marc:datafield tag="084" ind1=" " ind2=" ">
      <marc:subfield code="a">AA 75000</marc:subfield>
      <marc:subfield code="2">rvk</marc:subfield>
    </marc:datafield>
    <marc:datafield tag="085" ind1=" " ind2=" ">
      <marc:subfield code="8">3\u</marc:subfield>
      <marc:subfield code="b">020</marc:subfield>
    </marc:datafield>
    <marc:datafield tag="085" ind1=" " ind2=" ">
      <marc:subfield code="8">3\u</marc:subfield>
      <marc:subfield code="z">2</marc:subfield>
      <marc:subfield code="s">94708</marc:subfield>
    </marc:datafield>
    <marc:datafield tag="085" ind1=" " ind2=" ">
      <marc:subfield code="8">3\u</marc:subfield>
      <marc:subfield code="z">1</marc:subfield>
      <marc:subfield code="s">09043</marc:subfield>
    </marc:datafield>
    <marc:datafield tag="085" ind1=" " ind2=" ">
      <marc:subfield code="8">4\u</marc:subfield>
      <marc:subfield code="b">020</marc:subfield>
    </marc:datafield>
    <marc:datafield tag="085" ind1=" " ind2=" ">
      <marc:subfield code="8">4\u</marc:subfield>
      <marc:subfield code="z">2</marc:subfield>
      <marc:subfield code="s">94708</marc:subfield>
    </marc:datafield>
    <marc:datafield tag="085" ind1=" " ind2=" ">
      <marc:subfield code="8">4\u</marc:subfield>
      <marc:subfield code="z">1</marc:subfield>
      <marc:subfield code="s">09044</marc:subfield>
    </marc:datafield>
    <marc:datafield tag="085" ind1=" " ind2=" ">
      <marc:subfield code="8">5\u</marc:subfield>
      <marc:subfield code="b">020</marc:subfield>
    </marc:datafield>
    <marc:datafield tag="085" ind1=" " ind2=" ">
      <marc:subfield code="8">5\u</marc:subfield>
      <marc:subfield code="z">2</marc:subfield>
      <marc:subfield code="s">94708</marc:subfield>
    </marc:datafield>
    <marc:datafield tag="085" ind1=" " ind2=" ">
      <marc:subfield code="8">5\u</marc:subfield>
      <marc:subfield code="z">1</marc:subfield>
      <marc:subfield code="s">09045</marc:subfield>
    </marc:datafield>
    <marc:datafield tag="242" ind1="0" ind2="0">
      <marc:subfield code="a">Übers.: Jahrbuch d. Bücher d. UdSSR : systemat. Verzeichnis</marc:subfield>
      <marc:subfield code="y">ger</marc:subfield>
    </marc:datafield>
    <marc:datafield tag="245" ind1="0" ind2="0">
      <marc:subfield code="a">Ežegodnik knigi SSSR</marc:subfield>
      <marc:subfield code="b">sistematičeskij ukazatel'</marc:subfield>
      <marc:subfield code="c">Ministerstvo Kul'tury SSSR, Vsesojuznaja Knižnaja Palata, Komitet po Pečati, Sovet Ministrov SSSR</marc:subfield>
    </marc:datafield>
    <marc:datafield tag="264" ind1="3" ind2="1">
      <marc:subfield code="a">Moskva</marc:subfield>
      <marc:subfield code="b">Izd. Vsesojuznoj Knižnoj Palaty</marc:subfield>
      <marc:subfield code="c">1936-1958</marc:subfield>
    </marc:datafield>
    <marc:datafield tag="336" ind1=" " ind2=" ">
      <marc:subfield code="a">Text</marc:subfield>
      <marc:subfield code="b">txt</marc:subfield>
      <marc:subfield code="2">rdacontent</marc:subfield>
    </marc:datafield>
    <marc:datafield tag="337" ind1=" " ind2=" ">
      <marc:subfield code="a">ohne Hilfsmittel zu benutzen</marc:subfield>
      <marc:subfield code="b">n</marc:subfield>
      <marc:subfield code="2">rdamedia</marc:subfield>
    </marc:datafield>
    <marc:datafield tag="338" ind1=" " ind2=" ">
      <marc:subfield code="a">Band</marc:subfield>
      <marc:subfield code="b">nc</marc:subfield>
      <marc:subfield code="2">rdacarrier</marc:subfield>
    </marc:datafield>
    <marc:datafield tag="362" ind1="0" ind2=" ">
      <marc:subfield code="a">1935(1936); 1941(1950),2 - 1956(1956/58)</marc:subfield>
    </marc:datafield>
    <marc:datafield tag="363" ind1="0" ind2="0">
      <marc:subfield code="8">1.1\x</marc:subfield>
      <marc:subfield code="i">1935</marc:subfield>
    </marc:datafield>
    <marc:datafield tag="363" ind1="0" ind2="0">
      <marc:subfield code="8">2.1\x</marc:subfield>
      <marc:subfield code="b">2</marc:subfield>
      <marc:subfield code="i">1941</marc:subfield>
    </marc:datafield>
    <marc:datafield tag="363" ind1="1" ind2="0">
      <marc:subfield code="8">2.2\x</marc:subfield>
      <marc:subfield code="i">1956</marc:subfield>
    </marc:datafield>
    <marc:datafield tag="500" ind1=" " ind2=" ">
      <marc:subfield code="a">Repr.: The Hague : Europe Print; Montabaur : Auxilibris</marc:subfield>
    </marc:datafield>
    <marc:datafield tag="515" ind1=" " ind2=" ">
      <marc:subfield code="a">1936 - 1941,1 nicht ersch.</marc:subfield>
    </marc:datafield>
    <marc:datafield tag="546" ind1=" " ind2=" ">
      <marc:subfield code="a">In kyrill. Schr.</marc:subfield>
    </marc:datafield>
    <marc:datafield tag="591" ind1=" " ind2=" ">
      <marc:subfield code="a">F/B!C</marc:subfield>
    </marc:datafield>
    <marc:datafield tag="650" ind1=" " ind2="7">
      <marc:subfield code="0">(DE-588)4008626-4</marc:subfield>
      <marc:subfield code="0">https://d-nb.info/gnd/4008626-4</marc:subfield>
      <marc:subfield code="0">(DE-101)040086267</marc:subfield>
      <marc:subfield code="a">Buchhandel</marc:subfield>
      <marc:subfield code="9">rswk-swf</marc:subfield>
      <marc:subfield code="2">gnd</marc:subfield>
    </marc:datafield>
    <marc:datafield tag="650" ind1=" " ind2="7">
      <marc:subfield code="0">(DE-588)4013134-8</marc:subfield>
      <marc:subfield code="0">https://d-nb.info/gnd/4013134-8</marc:subfield>
      <marc:subfield code="0">(DE-101)040131343</marc:subfield>
      <marc:subfield code="a">Druckwerk</marc:subfield>
      <marc:subfield code="9">rswk-swf</marc:subfield>
      <marc:subfield code="2">gnd</marc:subfield>
    </marc:datafield>
    <marc:datafield tag="651" ind1=" " ind2="7">
      <marc:subfield code="0">(DE-588)4077548-3</marc:subfield>
      <marc:subfield code="0">https://d-nb.info/gnd/4077548-3</marc:subfield>
      <marc:subfield code="0">(DE-101)040775488</marc:subfield>
      <marc:subfield code="a">Sowjetunion</marc:subfield>
      <marc:subfield code="9">rswk-swf</marc:subfield>
      <marc:subfield code="2">gnd</marc:subfield>
    </marc:datafield>
    <marc:datafield tag="651" ind1=" " ind2="7">
      <marc:subfield code="0">(DE-588)4077548-3</marc:subfield>
      <marc:subfield code="0">https://d-nb.info/gnd/4077548-3</marc:subfield>
      <marc:subfield code="0">(DE-101)040775488</marc:subfield>
      <marc:subfield code="a">Sowjetunion</marc:subfield>
      <marc:subfield code="9">rswk-swf</marc:subfield>
      <marc:subfield code="2">gnd</marc:subfield>
    </marc:datafield>
    <marc:datafield tag="655" ind1=" " ind2="7">
      <marc:subfield code="0">(DE-588)4067488-5</marc:subfield>
      <marc:subfield code="0">https://d-nb.info/gnd/4067488-5</marc:subfield>
      <marc:subfield code="0">(DE-101)040674886</marc:subfield>
      <marc:subfield code="a">Zeitschrift</marc:subfield>
      <marc:subfield code="2">gnd-content</marc:subfield>
    </marc:datafield>
    <marc:datafield tag="655" ind1=" " ind2="7">
      <marc:subfield code="0">(DE-588)4006432-3</marc:subfield>
      <marc:subfield code="0">https://d-nb.info/gnd/4006432-3</marc:subfield>
      <marc:subfield code="0">(DE-101)040064328</marc:subfield>
      <marc:subfield code="a">Bibliografie</marc:subfield>
      <marc:subfield code="2">gnd-content</marc:subfield>
    </marc:datafield>
    <marc:datafield tag="655" ind1=" " ind2="7">
      <marc:subfield code="0">(DE-588)4163417-2</marc:subfield>
      <marc:subfield code="0">https://d-nb.info/gnd/4163417-2</marc:subfield>
      <marc:subfield code="0">(DE-101)041634179</marc:subfield>
      <marc:subfield code="a">Katalog</marc:subfield>
      <marc:subfield code="y">1935-1956</marc:subfield>
      <marc:subfield code="2">gnd-content</marc:subfield>
    </marc:datafield>
    <marc:datafield tag="655" ind1=" " ind2="7">
      <marc:subfield code="a">Katalog 1935-1956</marc:subfield>
      <marc:subfield code="9">rswk-swf</marc:subfield>
      <marc:subfield code="2">gnd</marc:subfield>
    </marc:datafield>
    <marc:datafield tag="655" ind1=" " ind2="7">
      <marc:subfield code="a">Bibliographie 1935-1956</marc:subfield>
      <marc:subfield code="9">rswk-swf</marc:subfield>
      <marc:subfield code="2">gnd</marc:subfield>
    </marc:datafield>
    <marc:datafield tag="689" ind1="0" ind2="0">
      <marc:subfield code="0">(DE-588)4077548-3</marc:subfield>
      <marc:subfield code="0">https://d-nb.info/gnd/4077548-3</marc:subfield>
      <marc:subfield code="0">(DE-101)040775488</marc:subfield>
      <marc:subfield code="D">g</marc:subfield>
      <marc:subfield code="a">Sowjetunion</marc:subfield>
    </marc:datafield>
    <marc:datafield tag="689" ind1="0" ind2="1">
      <marc:subfield code="0">(DE-588)4008626-4</marc:subfield>
      <marc:subfield code="0">https://d-nb.info/gnd/4008626-4</marc:subfield>
      <marc:subfield code="0">(DE-101)040086267</marc:subfield>
      <marc:subfield code="D">s</marc:subfield>
      <marc:subfield code="a">Buchhandel</marc:subfield>
    </marc:datafield>
    <marc:datafield tag="689" ind1="0" ind2="2">
      <marc:subfield code="0">(DE-588)4013134-8</marc:subfield>
      <marc:subfield code="0">https://d-nb.info/gnd/4013134-8</marc:subfield>
      <marc:subfield code="0">(DE-101)040131343</marc:subfield>
      <marc:subfield code="D">s</marc:subfield>
      <marc:subfield code="a">Druckwerk</marc:subfield>
    </marc:datafield>
    <marc:datafield tag="689" ind1="0" ind2="3">
      <marc:subfield code="A">f</marc:subfield>
      <marc:subfield code="a">Katalog 1935-1956</marc:subfield>
    </marc:datafield>
    <marc:datafield tag="689" ind1="0" ind2=" ">
      <marc:subfield code="5">DE-600</marc:subfield>
      <marc:subfield code="5">DE-600</marc:subfield>
    </marc:datafield>
    <marc:datafield tag="689" ind1="1" ind2="0">
      <marc:subfield code="0">(DE-588)4077548-3</marc:subfield>
      <marc:subfield code="0">https://d-nb.info/gnd/4077548-3</marc:subfield>
      <marc:subfield code="0">(DE-101)040775488</marc:subfield>
      <marc:subfield code="D">g</marc:subfield>
      <marc:subfield code="a">Sowjetunion</marc:subfield>
    </marc:datafield>
    <marc:datafield tag="689" ind1="1" ind2="1">
      <marc:subfield code="A">f</marc:subfield>
      <marc:subfield code="a">Bibliographie 1935-1956</marc:subfield>
    </marc:datafield>
    <marc:datafield tag="689" ind1="1" ind2=" ">
      <marc:subfield code="5">DE-600</marc:subfield>
      <marc:subfield code="5">DE-600</marc:subfield>
    </marc:datafield>
    <marc:datafield tag="710" ind1="2" ind2=" ">
      <marc:subfield code="0">(DE-588)37340-0</marc:subfield>
      <marc:subfield code="0">https://d-nb.info/gnd/37340-0</marc:subfield>
      <marc:subfield code="0">(DE-101)000373400</marc:subfield>
      <marc:subfield code="a">Vsesojuznaja knižnaja palata</marc:subfield>
      <marc:subfield code="e">Herausgebendes Organ</marc:subfield>
      <marc:subfield code="4">isb</marc:subfield>
      <marc:subfield code="2">gnd</marc:subfield>
    </marc:datafield>
    <marc:datafield tag="780" ind1="0" ind2="0">
      <marc:subfield code="i">Fortsetzung von</marc:subfield>
      <marc:subfield code="a">Gosudarstvennaja centralʹnaja knižnaja palata RSFSR</marc:subfield>
      <marc:subfield code="t">Ežegodnik Gosudarstvennoj Central'noj Knižnoj Palaty RSFSR</marc:subfield>
      <marc:subfield code="d">Moskva [u.a.] : Gos. Izd., 1927-1931</marc:subfield>
      <marc:subfield code="w">(DE-600)6095-1</marc:subfield>
      <marc:subfield code="w">(DE-101)010082034</marc:subfield>
    </marc:datafield>
    <marc:datafield tag="785" ind1="0" ind2="0">
      <marc:subfield code="i">Fortgesetzt durch</marc:subfield>
      <marc:subfield code="t">Ežegodnik knigi SSSR / 1. Tom 1, Obsčestvenno-političeskaja, učebno-pedagogičeskaja, chudožestvennaja i detskaja literatura</marc:subfield>
      <marc:subfield code="d">Moskva : Knižnaja Palata, 1958-1994</marc:subfield>
      <marc:subfield code="x">0201-6354</marc:subfield>
      <marc:subfield code="w">(DE-600)881754-6</marc:subfield>
      <marc:subfield code="w">(DE-101)014892359</marc:subfield>
    </marc:datafield>
    <marc:datafield tag="785" ind1="0" ind2="0">
      <marc:subfield code="i">Fortgesetzt durch</marc:subfield>
      <marc:subfield code="t">Ežegodnik knigi SSSR / 2. Tom 2, Knigi po estestvoznaniju, technike, promyšlennosti, sel'skomu chozjajstvu, transportu i svjazi, torgovle i kommunal'nomu chozjajstvu, medicine</marc:subfield>
      <marc:subfield code="d">Moskva : Izd. Vsesojuznoj Knižnoj Palaty, 1959-1994</marc:subfield>
      <marc:subfield code="x">0201-6354</marc:subfield>
      <marc:subfield code="w">(DE-600)407706-4</marc:subfield>
      <marc:subfield code="w">(DE-101)012236209</marc:subfield>
    </marc:datafield>
    <marc:datafield tag="787" ind1="0" ind2="8">
      <marc:subfield code="i">Ergänzung zu</marc:subfield>
      <marc:subfield code="n">Primärstufe</marc:subfield>
      <marc:subfield code="t">Knižnaja letopis' &lt;Moskva&gt;</marc:subfield>
      <marc:subfield code="d">Moskva : [Verlag nicht ermittelbar], 1917-2014</marc:subfield>
      <marc:subfield code="x">0869-5962</marc:subfield>
      <marc:subfield code="w">(DE-600)219680-3</marc:subfield>
      <marc:subfield code="w">(DE-101)011294744</marc:subfield>
    </marc:datafield>
    <marc:datafield tag="850" ind1=" " ind2=" ">
      <marc:subfield code="a">DE-101a</marc:subfield>
    </marc:datafield>
    <marc:datafield tag="889" ind1=" " ind2=" ">
      <marc:subfield code="w">(DE-101)948227788</marc:subfield>
    </marc:datafield>
  </marc:record>
</marc:collection>
